| 000 | 00698nam a22002297a 4500 | ||
|---|---|---|---|
| 999 |
_c14515 _d14515 |
||
| 003 | AR-CdUCM | ||
| 008 | 190423b ||||| |||| 00| 0 spa d | ||
| 020 | _a978-612-4107-06-1 | ||
| 040 |
_aMUNICIPALIDAD PROVINCIAL DEL CUSCO _cBIBLIOTECA MUNICIPAL DEL CUSCO |
||
| 082 |
_aEP / 376.1 / _bC45 |
||
| 100 |
_aCerna Guardia, Rosa _92656 |
||
| 245 | _aLos zapatos al revés / | ||
| 260 |
_aLima : _bSantillana, _c2011. |
||
| 300 |
_a33 páginas ; _c22.5 cm. _bIlustraciones |
||
| 440 |
_aCuenta cosas alfaguara _951616 |
||
| 650 |
_aCuento _94671 |
||
| 650 |
_aIlustrado _927920 |
||
| 650 |
_aDibujos _92628 |
||
| 700 |
_aAyuni, Christian _933312 |
||
| 942 |
_2ddc _cLIBROS |
||
| 945 |
_arah _d23/04/2019 |
||